00631nam a22002057a 450000500170000001000130001702000220003003500130005203700160006504000120008108200130009310000210010624500590012726000420018627000380022830000320026650000500029865000320034865000450038020170124110254.0 aA-482116 c00.00a8185461732 aA-482116 bCen Lib/Ret aDPLbEN a921bNUG aNugent, Nicholas aRajiv Gandhi :cby Nicholas Nugentbson of a dynasty / aNew DelhibUniversal Book Stallc1991 a5, Ansari RoadbNew Delhie110002 axiv,235p. :c22cm(Hb)bill. aIncludes bibliographical references and index aGandhi, Rajiv, -- 1944-1991 aIndia -- Politics and government -- 1977